| 000 | 004900000a22001930004500 | ||
|---|---|---|---|
| 001 | 001767 | ||
| 003 | MACL | ||
| 005 | 20150823115751.0 | ||
| 008 | 150823b xxu||||| |||| 00| 0 eng d | ||
| 040 |
_aMACL _cMACL |
||
| 041 | _aEnglish | ||
| 082 | _a634.92/GOS | ||
| 100 |
_aGoswami, Anuradha _96073 |
||
| 245 |
_aForest & People _bIn The Indiab Context _cAnuradha Goswami |
||
| 260 |
_aKolkata _c2007 _bKalika Press, |
||
| 350 | _a100 | ||
| 650 |
_aEconomics _96941 |
||
| 942 |
_k635 _cBK _2ddc |
||
| 999 |
_c13683 _d13683 |
||